000 00686nam a2200205Ii 4500
003 JO-AjNU
008 230605s9999||||xx |||||||||||||| ||und||
040 _aJO-AjNU
_bara
_erda
_cJO-AjNU
041 _aara
050 1 4 _aPJ7552.A77 1970
100 3 _aعطوان، حسين,
_eauthor
_949474
245 0 0 _aالشعراء الصعاليك في العصر الأموي
264 3 1 _aالقاهرة:دار المعارف،1970
300 _a207ص
336 _atext
_btxt
_2rdacontent
337 _aunmediated
_bn
_2rdamedia
338 _avolume
_bnc
_2rdacarrier
490 0 _a مكتبة الدراسات الادبية 56
650 4 _a شعر أموي-تاريخ و نقد
_949475
999 _aA21732
_c25300
_d25300